Изкуството да мислим правилно (Запис номер 136012)
[ съкратено ]
| 000 -Лидер | |
|---|---|
| Контролно поле с фиксирана дължина | 01865nam a2200361 c 4500 |
| 003 - Код на организацията, давaща контролен номер | |
| Контролно поле | BLK |
| 005 - Дата и час на последна редакция | |
| Контролно поле | 20180422111934.0 |
| 008 - Елементи от данни с фиксирана дължина | |
| fixed length control field | 180409b bul|||||r ||||||| ||bul|| |
| 010 ## - Наследен системен номер | |
| LC control number | KNG00141947000 |
| 040 ## - Източник на каталожния запис | |
| Идентификатор на билиотеката - собственик на записа | BLK |
| 041 ## - Код за език | |
| Код за езика на текст/звукозапис или на отделно заглавие | Български |
| Код за езика КДБФ | Български |
| 080 ## - УДК | |
| Текстов определител УДК | Мислене. Представа - Абстракция. Подбор. Сравнение. Размисъл. Преценка. Мнение. Умозаключение. Индукция. Дедукция. Евристика. Мислене и говорене. Рефлексия (психол.) |
| УДК код - определител по УДК | 159.955 |
| УДК определител | |
| УДК - код + определител | 159.955 |
| 080 ## - УДК | |
| Текстов определител УДК | Логика на съжденията |
| УДК код - определител по УДК | 164.1 |
| УДК определител | |
| УДК - код + определител | 164.1 |
| 100 1# - Редна дума - Автор | |
| Автор | Ивин, Александър Архипович |
| Авторска отговорност | първи автор |
| R(LIN) | 71884 |
| 139 ## - Редно поле | |
| Редна дума | Ивин, Александър Архипович |
| Авторски знак | Ивер - И 27 |
| 245 10 - Сведения за заглавието | |
| Заглавие | Изкуството да мислим правилно |
| Подзаглавни данни | Науч.-попул. четиво за ученици |
| Редно поле (дума) | Александър Архипович Ивин; прев. от рус. Венедикта Григорова. |
| 257 ## - Страна на издаване | |
| Страна на създаване/издаване | СССР |
| 260 ## - Област на издателските данни | |
| -- | София |
| Име на издателя, разпространителя и проч. | Нар. просв. |
| Година на издаване | 1989 |
| Печатница | Хасково : Ат. Стратиев |
| 300 ## - Физическа характеристика | |
| Страници | 192 с. |
| Размери/Мащаб | 20 см |
| 380 ## - Жанр | |
| Жанр | Философия |
| 500 ## - Общи забележки | |
| Забележка | Ориг. загл. Искусство правильно мыслить / А. А. Ивин. - Без тир. |
| 650 #4 - Допълнително описание по предмет – тема | |
| Основно описание – тема или топоним | Мислене - психология |
| 9 (RLIN) | 251239 |
| 650 #4 - Допълнително описание по предмет – тема | |
| Основно описание – тема или топоним | Логика |
| 9 (RLIN) | 160748 |
| 653 ## - Ключова дума – ненормативна | |
| Ключова дума | мислене |
| 653 ## - Ключова дума – ненормативна | |
| Ключова дума | логическо мислене |
| 653 ## - Ключова дума – ненормативна | |
| Ключова дума | психология |
| 700 1# - Други автори (авторска отговорност) | |
| Лично име | Григорова, Венедикта |
| Автороска отговорност (Описва отношението между автора и произведението) | прев. от рус. |
| 9 (RLIN) | 371775 |
| 852 ## - Местоположение | |
| Форматна сигнатура | Цб 159996 |
| 856 4# - Електронен адрес и достъп | |
| Електронен формат | pdf - файл |
| Път до файла /url/ | |
| 856 4# - Електронен адрес и достъп | |
| Електронен формат | pdf - файл |
| Път до файла /url/ | |
| 942 ## - АРТИКУЛИ | |
| Вид на библиотечния материал | Книги |
| Скрит в OPAC | Не |
| 944 ## - СЪЗДАВАНЕ И РЕДАКЦИЯ на ЗАПИСА | |
| Създаване/Редакция | Създаване |
| Дата на регистрацията/редакция | 12.04.2013 |
| Статус, дата на статуса | 12.04.2013 - от С1,Р / 12.04.2013 |
| Служител, извършил регистрацията/редакцията | Радостина_Карадакова |
| 944 ## - СЪЗДАВАНЕ И РЕДАКЦИЯ на ЗАПИСА | |
| Създаване/Редакция | Редакция |
| Дата на регистрацията/редакция | 12.04.2013 |
| Статус, дата на статуса | 12.04.2013 - от С1,Р / 12.04.2013 |
| Служител, извършил регистрацията/редакцията | |
| 999 ## - СИСТЕМНИ КОНТРОЛНИ НОМЕРА | |
| Koha biblionumber | 136012 |
| Koha biblioitemnumber | 136012 |
| Код за отписване | Код за изгубен артикул | Източник на класификационната схема | Код за повреда | Коз за рестрикции | Код за отдаване | Артикулен № | Име на библиотеката - собственик | Име на библиотеката, в която се намира в момента | Статус (Текущо местоположение) | Дата на вписване в системата | Местоположение - отдел | Цена в лева | Инвентарен номер | Систематично азбучна сигнатура | Баркод | Номер на екземпляра | Цена в евро | Служебна бележка | Служебен тип на артикула |
|---|---|---|---|---|---|---|---|---|---|---|---|---|---|---|---|---|---|---|---|
| Не е изгубен | Universal Decimal Classification | Не е повреден | без рестрикции | ползва се в читалня | 222323 | Регионална библиотека "Любен Каравелов" Русе | Регионална библиотека "Любен Каравелов" Русе | Хранилище | 1989-01-01 | Хранилище | 0.97 | 523614 | Цб 159996 | 120000523614 | 1 | 0.50 | Дата: 01.01.1989 | Книги | |
| Изтеглен | Не е изгубен | Universal Decimal Classification | Не е повреден | без рестрикции | заемане за дома | 222324 | Регионална библиотека "Любен Каравелов" Русе | Регионална библиотека "Любен Каравелов" Русе | Заемна - подръчен фонд | 1989-01-01 | Заемна - подръчен фонд | 0.97 | 525589 | П 159.9/И 27 | 525589 | 2 | 0.50 | Дата: 01.01.1989 Дата инв: 01.02.2018 Бележки инв: П2018 | Книги |
| Изтеглен | Не е изгубен | Universal Decimal Classification | Не е повреден | без рестрикции | заемане за дома | 222325 | Регионална библиотека "Любен Каравелов" Русе | Регионална библиотека "Любен Каравелов" Русе | Заемна - подръчен фонд | 1989-01-01 | Заемна - подръчен фонд | 0.97 | 525590 | П 159.9/И 27 | 525590 | 3 | 0.50 | Дата: 01.01.1989 Дата инв: 01.02.2018 Бележки инв: П2018 | Книги |
| Изтеглен | Не е изгубен | Universal Decimal Classification | Не е повреден | без рестрикции | заемане за дома | 222326 | Регионална библиотека "Любен Каравелов" Русе | Регионална библиотека "Любен Каравелов" Русе | Заемна - подръчен фонд | 1989-01-01 | Заемна - подръчен фонд | 0.97 | 525591 | П 159.9/И 27 | 525591 | 4 | 0.50 | Дата: 01.01.1989 Дата инв: 01.02.2018 Бележки инв: П2018 | Книги |